000 004670000a22001930004500
003 LK-CoMWRAF
005 20231029230335.0
008 230817t ||||| |||| 00| 0 eng d
020 _a0140290478
040 _aLK-CoMWRAF
_dLK-CoMWRAF
_eLK-CoMWRAF
041 _aeng
082 _a823
_bSIN
100 _aSingh, khushwant
245 _aThe Company of women
260 _aIndia :
_bPenguin books,
_c1999
300 _a296p
650 _aEnglish Fiction
942 _cBK
999 _c546
_d546